MARC details
| 000 -LEADER |
| fixed length control field |
01371cam a2200397 i 4500 |
| 003 - CONTROL NUMBER IDENTIFIER |
| control field |
TR-AnTOB |
| 005 - DATE AND TIME OF LATEST TRANSACTION |
| control field |
20230522135432.0 |
| 007 - PHYSICAL DESCRIPTION FIXED FIELD--GENERAL INFORMATION |
| fixed length control field |
ta |
| 008 - FIXED-LENGTH DATA ELEMENTS--GENERAL INFORMATION |
| fixed length control field |
850502s2001 tu a b 001 0 tur d |
| 010 ## - LIBRARY OF CONGRESS CONTROL NUMBER |
| LC control number |
2001441268 |
| 020 ## - INTERNATIONAL STANDARD BOOK NUMBER |
| International Standard Book Number |
9758485032 |
|
| International Standard Book Number |
9789758485031 |
| 035 ## - SYSTEM CONTROL NUMBER |
| System control number |
(DLC) 2001441268 |
| 040 ## - CATALOGING SOURCE |
| Original cataloging agency |
XX-XxUND |
| Language of cataloging |
eng |
| Description conventions |
rda |
| Transcribing agency |
XX-XxUND |
| Modifying agency |
DLC |
| -- |
TR-AnTOB |
| 041 0# - LANGUAGE CODE |
| Language code of text/sound track or separate title |
Türkçe |
| 042 ## - AUTHENTICATION CODE |
| Authentication code |
lcode |
| -- |
lccopycat |
| 043 ## - GEOGRAPHIC AREA CODE |
| Geographic area code |
a-tu--- |
| 050 ## - LIBRARY OF CONGRESS CALL NUMBER |
| Classification number |
DR600 |
| Item number |
.U23 2001 |
| 090 ## - LOCALLY ASSIGNED LC-TYPE CALL NUMBER (OCLC); LOCAL CALL NUMBER (RLIN) |
| Classification number (OCLC) (R) ; Classification number, CALL (RLIN) (NR) |
DR600 |
| Local cutter number (OCLC) ; Book number/undivided call number, CALL (RLIN) |
.U23 2001 |
| 100 1# - MAIN ENTRY--PERSONAL NAME |
| Personal name |
Uçar, Ahmet, |
| Dates associated with a name |
1960- |
| Relator term |
author |
| 9 (RLIN) |
106914 |
| 245 10 - TITLE STATEMENT |
| Title |
Milli Mücadele'den 12 Mart'a Konya'da siyasi sürgünler / |
| Statement of responsibility, etc. |
Ahmet Uçar. |
| 246 30 - VARYING FORM OF TITLE |
| Title proper/short title |
Siyasi sürgünler |
| 250 ## - EDITION STATEMENT |
| Edition statement |
1. baskı. |
| 264 #1 - PRODUCTION, PUBLICATION, DISTRIBUTION, MANUFACTURE, AND COPYRIGHT NOTICE |
| Place of production, publication, distribution, manufacture |
Bağcılar, İstanbul : |
| Name of producer, publisher, distributor, manufacturer |
Tez Yayınları, |
| Date of production, publication, distribution, manufacture, or copyright notice |
2001. |
| 300 ## - PHYSICAL DESCRIPTION |
| Extent |
383 pages : |
| Other physical details |
illustrations ; |
| Dimensions |
22 cm. |
| 336 ## - CONTENT TYPE |
| Content type term |
text |
| Content type code |
txt |
| Source |
rdacontent |
| 337 ## - MEDIA TYPE |
| Media type term |
unmediated |
| Media type code |
n |
| Source |
rdamedia |
| 338 ## - CARRIER TYPE |
| Carrier type term |
volume |
| Carrier type code |
nc |
| Source |
rdacarrier |
| 504 ## - BIBLIOGRAPHY, ETC. NOTE |
| Bibliography, etc. note |
|
| 505 ## - FORMATTED CONTENTS NOTE |
| Formatted contents note |
Milli mücadele ve Cumhuriyet'in ilk yılları -- Tek parti dönemi -- Demokrat parti dönemi -- 1960 sonrası |
| 590 ## - LOCAL NOTE (RLIN) |
| Local note |
Donated by Levent Kuşoğlu |
| 651 #0 - SUBJECT ADDED ENTRY--GEOGRAPHIC NAME |
| Geographic name |
Türkiye |
| General subdivision |
Tarih |
| Chronological subdivision |
Hükümet darbesi, 1971 |
| 9 (RLIN) |
119493 |
|
| Geographic name |
Turkey |
| General subdivision |
History |
| Chronological subdivision |
Coup d'état, 1971 |
| 9 (RLIN) |
119490 |
| 942 ## - ADDED ENTRY ELEMENTS (KOHA) |
| Source of classification or shelving scheme |
Library of Congress Classification |
| Koha item type |
Book |